=LDR 00000nam 2200000 4500 =001 INLIS000000000009678 =005 20200225103211 =035 ##$$a 0010-061300000009678 =008 200225################g##########0#ind## =041 ##$$a Ind =082 ##$$a 170 =090 ##$$a 170, Poe f =100 ##$$a Puspoprojo, W =245 1#$$a Filsafat moral : $b Kesusilaan dalam teori dan praktek /$c W. poespoprodjo =260 ##$$a Bandung :$b Pustaka grafika,$c 1999 =300 ##$$a 285 hlm : $b Ilus ; $c 14 x 20 Cm =650 #4$$a Etika =850 ##$$a NBPNMAT =084 ##$$a 170 PUS f =250 ##$$a Cet. 1 =504 ##$$a Bibliografi : hlm. 285 =990 ##$$a DW00025798 =990 ##$$a DW00025799 =990 ##$$a 00051173 =990 ##$$a 0001/BPAP-NTB/20142015 =990 ##$$a 165. 686/ Pro- 2001 =990 ##$$a DW00025798 =990 ##$$a DW00025799 =990 ##$$a 0001/BPAP-NTB/20142015 =990 ##$$a 0001/BPAP-NTB/20142015 =990 ##$$a DW00025798 =990 ##$$a DW00025799 =990 ##$$a 165. 686/ Pro- 2001 =990 ##$$a DW00025799 =990 ##$$a DW00025798 =990 ##$$a 165. 686/ Pro- 2001 =990 ##$$a 0001/BPAP-NTB/20142015 =990 ##$$a DW00025798 =990 ##$$a DW00025799 =990 ##$$a 165. 686/ Pro- 2001 =990 ##$$a 0001/BPAP-NTB/20142015